| 000 | 00558nam a2200193 a 4500 | ||
|---|---|---|---|
| 005 | 20210223122834.0 | ||
| 008 | 991125s1974 mx 000 0 spa u | ||
| 035 | _aUPN01000042617 | ||
| 049 | _aCG | ||
| 050 | 4 |
_aHM33 _bP7.5 |
|
| 100 | 1 | _aPriego Mendoza, Enrique | |
| 245 | 1 | 0 |
_aOperación triunfo / _cEnrique Priego Mendoza. |
| 260 |
_aMéxico : _bEDAMEX, _c1974. |
||
| 300 | _a220 p. | ||
| 440 | 0 | _aHistoria cultural | |
| 650 | 4 |
_aSOCIOLOGIA - _zMEXICO - _vDISCURSOS, ENSAYOS, CONFERENCIAS, ETC. |
|
| 650 | 4 |
_aSOCIOLOGIA POLITICA _96017 |
|
| 905 | _aLibro | ||
| 999 |
_c42617 _d42617 |
||